000 00264nam a22001097a 4500
005 20251008140636.0
008 251008b |||||||| |||| 00| 0 eng d
040 _cPK-LaNCA
082 _a720.92
_bJOE
245 _aJoel Sanders: writings and projects
942 _cBK
999 _c66886
_d66886